| 000 | 00941nam a22003137a 4500 | ||
|---|---|---|---|
| 001 | BR2013003118 | ||
| 003 | BR-BrBNA | ||
| 005 | 20230928104202.0 | ||
| 007 | ta | ||
| 008 | 230509b bl.||||| |||| 00| 0 por d | ||
| 040 |
_aBR-BrBNA _bpor _cBiblioteca Nacional de Agricultura |
||
| 041 | _a(Por) | ||
| 072 |
_aQ03 _b0940 _b4120 _b9140 _b9921 |
||
| 090 | _ 0940 BR2013003118 | ||
| 100 | 1 | _aSilva, D.M. da | |
| 110 | 1 |
_aUniversidade Federal de Lavras, MG (Brasil) _0Tese (Doutorado) |
|
| 245 | 1 | _aFungos filamentosos e micotoxinas em uvas, sucos, mostos e vinhos das regiões sudeste e nordeste do Brasil | |
| 260 | 3 |
_aLavras, MG (Brasil): _c2012. |
|
| 300 | _a184 p. | ||
| 500 | _aSummaries (Eng, Por); Several bibliography; 20 illus.; 11 tables | ||
| 650 | _aUVA | ||
| 650 | _aSUCO | ||
| 650 | _aMOSTO | ||
| 650 | _aVINHO | ||
| 650 | _aFUNGO | ||
| 650 | _aMICOTOXINA | ||
| 909 |
_a202309 _bLucia _c55 _dLucia Elande |
||
| 942 | _cBK | ||
| 999 |
_c78575 _d78575 |
||